LEADER 01556nam 2200493 450 001 9910467546003321 005 20200923020339.0 010 $a3-95948-864-5 035 $a(CKB)4340000000209852 035 $a(MiAaPQ)EBC5109934 035 $a(Au-PeEL)EBL5109934 035 $a(CaPaEBR)ebr11458155 035 $a(OCoLC)1007700763 035 $a(EXLCZ)994340000000209852 100 $a20171122h20172017 uy 0 101 0 $ager 135 $aurcnu|||||||| 181 $2rdacontent 182 $2rdamedia 183 $2rdacarrier 200 00$aReligio?se minderheiten im Iran $eperspektiven und paradigmen /$fmit Beitra?gen von Hamid Reza Yousefi [and six others] 210 1$aNordhausen, [Germany] :$cVerlag Traugott Bautz GmbH,$d2017. 210 4$dİ2017 215 $a1 online resource (110 pages) $cillustrations 225 0 $aSpektrum Iran,$x0934-358X ;$vNumber 3 311 $a3-95948-277-9 320 $aIncludes bibliographical references. 606 $aReligious minorities$zIran 606 $aReligion and state$zIran 606 $aReligious tolerance$zIran 607 $aIran$xPolitics and government$y1979-1997 608 $aElectronic books. 615 0$aReligious minorities 615 0$aReligion and state 615 0$aReligious tolerance 676 $a305.60955 702 $aYu?sufi?$b H?ami?d Riz?a? 801 0$bMiAaPQ 801 1$bMiAaPQ 801 2$bMiAaPQ 906 $aBOOK 912 $a9910467546003321 996 $aReligio?se minderheiten im Iran$92110554 997 $aUNINA